000 00358nam a2200133Ia 4500
005 20260328101530.0
008 260328s9999||||xx |||||||||||||| ||und||
100 _aPeters, Paulhans
245 0 _aCasas en Grupos.Viviendas plurifamiliares 12 /
_cPaulhans Peters
260 _bGustavo Gili
300 _a107 p.
650 _aVIVIENDA MULTIFAMILIAR
942 _cBK
999 _c9965
_d9965